Statistieken voor F1 Cercuit Quiz

Klik hier om de quiz te nemen!

Algemene statistieken

  • Deze quiz is 96 keer genomen
  • De gemiddelde score is 14 van 15

Antwoordstatistieken

VraagAntwoord% Correct
Melbourne cercuitAustralie
99%
Montreal cercuitCanada
99%
Zandvoort cercuitNederland
99%
Cercuit de barcelona-catalunyaSpanje
99%
Circuit of the AmericasVerenigde staten
99%
Silverstone cercuitVerenigd koningkrijk
99%
Spa francorchampsBelgie
98%
Jeddah street cercuitSaoedi arabie
98%
Susuka cercuitJapan
97%
paul ricardFrankrijk
95%
Red Bull ringOostenrijk
95%
Portimao cercuitPortugal
93%
Soschi cercuitRusland
93%
Hanoi street cercuitVietnam
77%
Autódromo Hermanos RodríguezMexico
76%

Scoreverdeling

Percentiel versus Aantal Correcte Antwoorden

Procent van Mensen met Elke Score

Uw Scoregeschiedenis

U heeft deze quiz nog niet genomen